000 00436nam a2200169Ia 4500
008 221030s9999 xx 000 0 und d
020 _a0852261500
041 _aEnglish
082 _a105.23
_bDas
100 _aJ. Das
245 0 _aPrinciples of Digital Communication
_cby J. Das, S. K. Mullick
260 _bNew Age International Pub.
_aNew Delhi
_c2003
300 _a645
650 _aECE
700 _aS. K. Mullick
942 _cBK
999 _c2150
_d2150